| 000 -LEADER |
| fixed length control field |
01476cam a22003257i 4500 |
| 003 - CONTROL NUMBER IDENTIFIER |
| control field |
OSt |
| 005 - DATE AND TIME OF LATEST TRANSACTION |
| control field |
20240117093801.0 |
| 008 - FIXED-LENGTH DATA ELEMENTS--GENERAL INFORMATION |
| fixed length control field |
170821s2016 nyua 000 0 fre d |
| 020 ## - INTERNATIONAL STANDARD BOOK NUMBER |
| International Standard Book Number |
9781616894832 |
| Qualifying information |
(paperback) |
| 043 ## - GEOGRAPHIC AREA CODE |
| Geographic area code |
e-it--- |
| 082 00 - DEWEY DECIMAL CLASSIFICATION NUMBER |
| Classification number |
720.9456 |
| Edition number |
23 |
| Item number |
LET |
| 100 1# - MAIN ENTRY--PERSONAL NAME |
| Personal name |
Letarouilly, Paul Marie, |
| Dates associated with a name |
1795-1855, |
| Relator term |
artist. |
| 245 10 - TITLE STATEMENT |
| Title |
Édifices de Rome moderne, ou, Recueil des palais, maisons, églises, couvents, et autres monuments publics et particuliers les plus remarquables de la ville de Rome / |
| Statement of responsibility, etc |
dessinés, mesurés et publiés par Paul Le Tarouilly, architecte. |
| 246 30 - VARYING FORM OF TITLE |
| Title proper/short title |
Recueil des palais, maisons, églises, couvents, et autres monuments publics et particuliers les plus remarquables de la ville de Rome |
| 250 ## - EDITION STATEMENT |
| Edition statement |
First paperback edition. |
| 300 ## - PHYSICAL DESCRIPTION |
| Extent |
554 pages : |
| Other physical details |
chiefly illustrations ; |
| Dimensions |
26 cm. |
| 490 0# - SERIES STATEMENT |
| Series statement |
Student classics series |
| 500 ## - GENERAL NOTE |
| General note |
3 bibliographic volumes in 1 physical volume. |
| 500 ## - GENERAL NOTE |
| General note |
First volume originally published: Paris : Didot, 1840. |
| 546 ## - LANGUAGE NOTE |
| Language note |
Table of contents and captions in French, with an introduction in English. |
| 650 #0 - SUBJECT ADDED ENTRY--TOPICAL TERM |
| Topical term or geographic name as entry element |
Architecture |
| Geographic subdivision |
Italy |
| -- |
Rome. |
| 650 #0 - SUBJECT ADDED ENTRY--TOPICAL TERM |
| Topical term or geographic name as entry element |
Architecture, Renaissance |
| Geographic subdivision |
Italy |
| -- |
Rome. |
| 650 #7 - SUBJECT ADDED ENTRY--TOPICAL TERM |
| Topical term or geographic name as entry element |
Architecture. |
| Source of heading or term |
fast |
| 650 #7 - SUBJECT ADDED ENTRY--TOPICAL TERM |
| Topical term or geographic name as entry element |
Architecture, Renaissance. |
| Source of heading or term |
fast |
| 650 #7 - SUBJECT ADDED ENTRY--TOPICAL TERM |
| Topical term or geographic name as entry element |
Buildings. |
| Source of heading or term |
fast |
| 651 #0 - SUBJECT ADDED ENTRY--GEOGRAPHIC NAME |
| Geographic name |
Rome (Italy) |
| General subdivision |
Buildings, structures, etc. |
| 651 #7 - SUBJECT ADDED ENTRY--GEOGRAPHIC NAME |
| Geographic name |
Italy |
| Geographic subdivision |
Rome. |
| Source of heading or term |
fast |
| 700 1# - ADDED ENTRY--PERSONAL NAME |
| Personal name |
Lippert, Kevin C., |
| Relator term |
writer of introduction. |
| 942 ## - ADDED ENTRY ELEMENTS (KOHA) |
| Source of classification or shelving scheme |
|